[Event "20. Obert Int. Sant Marti 2018 - B"]
[Site "Barcelona ESP"]
[Date "2018.07.19"]
[Round "7.31"]
[White "Escofet Llongueras, Joan"]
[Black "Garcia Quevedo, Jose"]
[Result "0-1"]
[WhiteElo "1623"]
[BlackElo "1864"]
[PlyCount "60"]
[EventDate "2018.07.13"]
[EventType "swiss"]
[EventRounds "9"]
[EventCountry "ESP"]
[SourceTitle "Ajedrez en Madrid"]
[Source "lmi"]
[SourceDate "2018.07.13"]
[SourceVersion "1"]
[SourceVersionDate "2019.06.21"]
[SourceQuality "1"]

1. c4 Nf6 2. Nc3 e6 3. g3 d5 4. cxd5 exd5 5. d4 c6 6. Bg2 Be7 7. Nf3 O-O 8. O-O
Nbd7 9. Qc2 Re8 10. b3 b6 11. Bb2 Bb7 12. e4 dxe4 13. Nxe4 Nxe4 14. Qxe4 Nf6
15. Qc2 Nd5 16. a3 Rc8 17. b4 Bf6 18. Rfe1 Qd6 19. Ne5 h6 20. Re4 c5 21. bxc5
bxc5 22. Nc4 Qd7 23. Rae1 Rxe4 24. Rxe4 cxd4 25. Qb3 Ne7 26. Rxe7 Qxe7 27. Bxb7
Rxc4 28. Qxc4 Qxb7 29. Qb4 Qxb4 30. axb4 d3 0-1

[Event "20. Obert Int. Sant Marti 2018 - B"]
[Site "Barcelona ESP"]
[Date "2018.07.19"]
[Round "7.32"]
[White "Carrey Abellan, Enric"]
[Black "Cano Vila, Eduard"]
[Result "1-0"]
[WhiteElo "1855"]
[BlackElo "1694"]
[PlyCount "133"]
[EventDate "2018.07.13"]
[EventType "swiss"]
[EventRounds "9"]
[EventCountry "ESP"]
[SourceTitle "Ajedrez en Madrid"]
[Source "lmi"]
[SourceDate "2018.07.13"]
[SourceVersion "1"]
[SourceVersionDate "2019.06.21"]
[SourceQuality "1"]

1. d4 Nf6 2. c4 g6 3. Nc3 Bg7 4. e4 d6 5. Be2 O-O 6. Nf3 e5 7. d5 a5 8. Bg5 h6
9. Bh4 Na6 10. Nd2 Nc5 11. O-O g5 12. Bg3 Qe8 13. Kh1 h5 14. f3 h4 15. Bf2 Nh5
16. Be3 Nf4 17. Rb1 f6 18. Rg1 Qg6 19. g4 hxg3 20. Rxg3 Rf7 21. Bf1 Nh5 22. Rg2
Bf8 23. a3 a4 24. b4 axb3 25. Nxb3 Nxb3 26. Rxb3 Rh7 27. Ne2 Qh6 28. f4 Bh3 29.
Rf2 Bxf1 30. Qxf1 exf4 31. Bd4 g4 32. Rg2 Kh8 33. Nxf4 Nxf4 34. Be3 Re8 35.
Bxf4 Qg6 36. Rbg3 Rh4 37. Qe1 f5 38. e5 dxe5 39. Bxe5+ Kg8 40. Re3 Qh7 41. Bg3
Rxe3 42. Qxe3 Rh6 43. Qg5+ Qg6 44. Qxg6+ Rxg6 45. Bxc7 Bxa3 46. Rd2 Bd6 47.
Bxd6 Rxd6 48. c5 Rd8 49. d6 Kf7 50. Re2 Rd7 51. Kg2 Kf6 52. Kg3 Kg5 53. Re7 f4+
54. Kg2 Rd8 55. Rxb7 Ra8 56. Rb2 f3+ 57. Kg3 Rh8 58. d7 Rh3+ 59. Kf2 Rxh2+ 60.
Ke3 Rxb2 61. d8=Q+ Kf5 62. Qd5+ Kg6 63. Qe4+ Kf7 64. Qf4+ Kg8 65. Qxg4+ Kf7 66.
Qxf3+ Ke7 67. Qe4+ 1-0

[Event "20. Obert Int. Sant Marti 2018 - B"]
[Site "Barcelona ESP"]
[Date "2018.07.19"]
[Round "7.33"]
[White "Garcia Clemente, Julian Fco."]
[Black "Gonzalez Moreno, Antoni"]
[Result "1-0"]
[WhiteElo "1828"]
[BlackElo "1667"]
[PlyCount "129"]
[EventDate "2018.07.13"]
[EventType "swiss"]
[EventRounds "9"]
[EventCountry "ESP"]
[SourceTitle "Ajedrez en Madrid"]
[Source "lmi"]
[SourceDate "2018.07.13"]
[SourceVersion "1"]
[SourceVersionDate "2019.06.21"]
[SourceQuality "1"]

1. d4 d5 2. c4 e6 3. Nc3 Nf6 4. cxd5 exd5 5. Bg5 Be7 6. Qc2 c6 7. e3 Be6 8. Bd3
Nbd7 9. Nge2 h6 10. Bh4 Nh5 11. Bxe7 Qxe7 12. O-O O-O 13. Rae1 a6 14. a3 Rac8
15. Qd2 Rfe8 16. Bb1 Ndf6 17. f3 Nh7 18. Nf4 Qg5 19. Nxe6 Rxe6 20. f4 Qg4 21.
h3 Qh4 22. Bf5 Ng3 23. Bxe6 Nxf1 24. Bxf7+ Kxf7 25. Rxf1 Re8 26. Qf2 Qe7 27.
Re1 Nf6 28. Qf3 Qd6 29. Na4 Ne4 30. Qh5+ Kf8 31. Qd1 c5 32. dxc5 Nxc5 33. Nc3
d4 34. b4 Ne4 35. exd4 Nxc3 36. Rxe8+ Kxe8 37. Qe1+ Kd8 38. Qxc3 Qxf4 39. a4
Qe4 40. a5 Kd7 41. Qc5 Qe1+ 42. Kh2 Qe6 43. b5 Qd6+ 44. Qxd6+ Kxd6 45. bxa6
bxa6 46. Kg3 Kd5 47. Kf4 Kxd4 48. Kf5 Kc5 49. Kg6 Kb5 50. Kxg7 Kxa5 51. Kxh6
Kb5 52. g4 a5 53. g5 a4 54. g6 a3 55. g7 a2 56. g8=Q a1=Q 57. Qb8+ Kc4 58. Qc7+
Kd5 59. Qf7+ Ke4 60. Qg6+ Kd5 61. Qg5+ Ke6 62. Kh5 Kf7 63. Qf5+ Kg8 64. Qd7
Qh8+ 65. Kg6 1-0

[Event "20. Obert Int. Sant Marti 2018 - B"]
[Site "Barcelona ESP"]
[Date "2018.07.19"]
[Round "7.34"]
[White "Climent Vidal, Pere"]
[Black "Serra Vilaro, Agustin"]
[Result "0-1"]
[WhiteElo "1441"]
[BlackElo "1780"]
[PlyCount "42"]
[EventDate "2018.07.13"]
[EventType "swiss"]
[EventRounds "9"]
[EventCountry "ESP"]
[SourceTitle "Ajedrez en Madrid"]
[Source "lmi"]
[SourceDate "2018.07.13"]
[SourceVersion "1"]
[SourceVersionDate "2019.06.21"]
[SourceQuality "1"]

1. b4 d5 2. Bb2 Bf5 3. e3 e6 4. a3 Nf6 5. c4 Nbd7 6. Nf3 dxc4 7. Bxc4 Nb6 8.
Be2 a5 9. Nc3 axb4 10. axb4 Bxb4 11. O-O Rxa1 12. Qxa1 O-O 13. d4 Qe7 14. Qc1
Ra8 15. Nh4 Bg6 16. Nxg6 hxg6 17. Qc2 c6 18. Rb1 Nbd5 19. Qb3 Bxc3 20. Bxc3 Ra3
21. Bb4 Rxb3 0-1

[Event "20. Obert Int. Sant Marti 2018 - B"]
[Site "Barcelona ESP"]
[Date "2018.07.19"]
[Round "7.35"]
[White "Madrid Sole, Antonio"]
[Black "Bao, Jin Wen"]
[Result "1-0"]
[WhiteElo "1776"]
[BlackElo "1302"]
[PlyCount "41"]
[EventDate "2018.07.13"]
[EventType "swiss"]
[EventRounds "9"]
[EventCountry "ESP"]
[SourceTitle "Ajedrez en Madrid"]
[Source "lmi"]
[SourceDate "2018.07.13"]
[SourceVersion "1"]
[SourceVersionDate "2019.06.21"]
[SourceQuality "1"]

1. d4 Nf6 2. Bf4 c5 3. c3 Qb6 4. Qc2 cxd4 5. cxd4 Nc6 6. e3 d6 7. Nf3 e5 8.
dxe5 dxe5 9. Bg3 Bd6 10. a3 O-O 11. Nc3 Be6 12. Be2 Rac8 13. O-O Rfd8 14. Rac1
Bb3 15. Qb1 Bb8 16. Bh4 Na5 17. Ne4 Qe6 18. Nfg5 Qf5 19. Nxf6+ Qxf6 20. Qxh7+
Kf8 21. Rxc8 1-0

[Event "20. Obert Int. Sant Marti 2018 - B"]
[Site "Barcelona ESP"]
[Date "2018.07.19"]
[Round "7.36"]
[White "Grao Amaya, Rafael"]
[Black "Han, Xuqian Ben"]
[Result "1/2-1/2"]
[WhiteElo "1767"]
[BlackElo "1486"]
[PlyCount "97"]
[EventDate "2018.07.13"]
[EventType "swiss"]
[EventRounds "9"]
[EventCountry "ESP"]
[SourceTitle "Ajedrez en Madrid"]
[Source "lmi"]
[SourceDate "2018.07.13"]
[SourceVersion "1"]
[SourceVersionDate "2019.06.21"]
[SourceQuality "1"]

1. d4 Nf6 2. Bf4 c5 3. e3 Qb6 4. b3 cxd4 5. Qxd4 Nc6 6. Qxb6 axb6 7. Bd3 e5 8.
Bg5 e4 9. Be2 Nb4 10. Bd1 Nxa2 11. Bxf6 gxf6 12. Ne2 Ra6 13. O-O Nc3 14. Rxa6
Nxe2+ 15. Bxe2 bxa6 16. Nc3 Bb7 17. Bg4 Bb4 18. Ne2 Rg8 19. Bf5 Rg5 20. g4 h5
21. h3 hxg4 22. hxg4 Bc6 23. Rd1 Bc5 24. Ng3 Ke7 25. Ne2 d6 26. Nf4 Kd8 27. Nd5
Bxd5 28. Rxd5 Kc7 29. Kg2 Kc6 30. c4 b5 31. Kg3 bxc4 32. bxc4 Kc7 33. Rd1 a5
34. Bxe4 a4 35. Rb1 Rg7 36. Rb7+ Kc8 37. Rb5 a3 38. Ra5 Kc7 39. Bf5 Rg8 40. Bb1
Rb8 41. Rb5 Rxb5 42. cxb5 f5 43. g5 Kb6 44. Ba2 Bb4 45. Bxf7 Bc3 46. Kf4 Kxb5
47. Kxf5 Kc5 48. Ke4 Bg7 49. Ba2 1/2-1/2

[Event "20. Obert Int. Sant Marti 2018 - B"]
[Site "Barcelona ESP"]
[Date "2018.07.19"]
[Round "7.37"]
[White "Peter, Louis-Alexis"]
[Black "Morales Mendizabal, Pere"]
[Result "1-0"]
[WhiteElo "1558"]
[BlackElo "1742"]
[PlyCount "59"]
[EventDate "2018.07.13"]
[EventType "swiss"]
[EventRounds "9"]
[EventCountry "ESP"]
[SourceTitle "Ajedrez en Madrid"]
[Source "lmi"]
[SourceDate "2018.07.13"]
[SourceVersion "1"]
[SourceVersionDate "2019.06.21"]
[SourceQuality "1"]

1. e4 c6 2. Ne2 d6 3. d4 g6 4. h4 Bg7 5. h5 f5 6. h6 Bf8 7. Nbc3 Nf6 8. Ng3 e6
9. Qe2 Be7 10. exf5 exf5 11. Bg5 O-O 12. O-O-O d5 13. Re1 Ne4 14. Ngxe4 fxe4
15. Bxe7 Qxe7 16. Nxe4 dxe4 17. Qxe4 Qxe4 18. Rxe4 Bf5 19. Bc4+ Kh8 20. Re7 Nd7
21. Rhe1 Nb6 22. Bb3 Nd5 23. Rxb7 a5 24. f3 a4 25. Bxd5 cxd5 26. g4 Bc8 27. Rc7
a3 28. Ree7 axb2+ 29. Kb1 Rxf3 30. Re8+ 1-0

[Event "20. Obert Int. Sant Marti 2018 - B"]
[Site "Barcelona ESP"]
[Date "2018.07.19"]
[Round "7.38"]
[White "Moreno Perez, Norberto"]
[Black "Sarrate Presas, Jordi"]
[Result "1-0"]
[WhiteElo "1874"]
[BlackElo "1648"]
[PlyCount "51"]
[EventDate "2018.07.13"]
[EventType "swiss"]
[EventRounds "9"]
[EventCountry "ESP"]
[SourceTitle "Ajedrez en Madrid"]
[Source "lmi"]
[SourceDate "2018.07.13"]
[SourceVersion "1"]
[SourceVersionDate "2019.06.21"]
[SourceQuality "1"]

1. e4 c5 2. Nf3 a6 3. a4 b6 4. d4 cxd4 5. Nxd4 e5 6. Nf5 d5 7. Ng3 Nf6 8. Bg5
d4 9. Nh5 Nbd7 10. Nd2 g6 11. Nxf6+ Nxf6 12. Bc4 Bb7 13. O-O h6 14. Bh4 Qd6 15.
f4 exf4 16. e5 Qc6 17. Qe2 Nd5 18. Bxd5 Qxd5 19. Bf6 Bc5 20. Kh1 O-O 21. Rxf4
Rae8 22. Rh4 Kh7 23. Re1 Be7 24. Ne4 Qd8 25. Qf2 Bxe4 26. Rxh6+ 1-0

[Event "20. Obert Int. Sant Marti 2018 - B"]
[Site "Barcelona ESP"]
[Date "2018.07.19"]
[Round "7.39"]
[White "Julia Yebra, David"]
[Black "Martin Arranz, Lluis"]
[Result "1/2-1/2"]
[WhiteElo "1808"]
[BlackElo "1582"]
[PlyCount "93"]
[EventDate "2018.07.13"]
[EventType "swiss"]
[EventRounds "9"]
[EventCountry "ESP"]
[SourceTitle "Ajedrez en Madrid"]
[Source "lmi"]
[SourceDate "2018.07.13"]
[SourceVersion "1"]
[SourceVersionDate "2019.06.21"]
[SourceQuality "1"]

1. c4 e6 2. Nc3 Nf6 3. d4 Bb4 4. Bd2 c5 5. e3 O-O 6. a3 Bxc3 7. Bxc3 d6 8. g3
Ne4 9. Qc2 Nxc3 10. Qxc3 Nc6 11. Nf3 Qa5 12. Rc1 Qxc3+ 13. Rxc3 Re8 14. Bg2 e5
15. d5 Ne7 16. O-O Ng6 17. b4 b6 18. b5 e4 19. Nd2 f5 20. f3 exf3 21. Bxf3 Ne5
22. Bg2 Ng4 23. e4 fxe4 24. Nxe4 Rd8 25. h3 Ne5 26. Rf2 a6 27. a4 axb5 28. axb5
Ra4 29. Bf1 Bb7 30. Ng5 h6 31. Nf3 Nd7 32. Re3 Bc8 33. Bd3 Nf6 34. Kh2 Ra1 35.
Nd2 Rf8 36. Ne4 Nxe4 37. Rxf8+ Kxf8 38. Rxe4 Ra2+ 39. Re2 Rxe2+ 40. Bxe2 Ke7
41. g4 Kf6 42. Kg3 Ke5 43. Kf3 h5 44. Ke3 hxg4 45. hxg4 g5 46. Bf3 Bd7 47. Be2
1/2-1/2

[Event "20. Obert Int. Sant Marti 2018 - B"]
[Site "Barcelona ESP"]
[Date "2018.07.19"]
[Round "7.40"]
[White "Barrot Farre, Salvador"]
[Black "Aagam, Aditya E"]
[Result "0-1"]
[WhiteElo "1760"]
[BlackElo "1579"]
[PlyCount "28"]
[EventDate "2018.07.13"]
[EventType "swiss"]
[EventRounds "9"]
[EventCountry "ESP"]
[SourceTitle "Ajedrez en Madrid"]
[Source "lmi"]
[SourceDate "2018.07.13"]
[SourceVersion "1"]
[SourceVersionDate "2019.06.21"]
[SourceQuality "1"]

1. e4 e5 2. Nf3 Nc6 3. Bb5 Nf6 4. d3 Bc5 5. O-O Nd4 6. Nxd4 Bxd4 7. c3 Bb6 8.
Nd2 c6 9. Ba4 O-O 10. Kh1 d6 11. Nc4 Ng4 12. Qe2 Qh4 13. h3 Nxf2+ 14. Kh2 Nxh3
0-1

[Event "20. Obert Int. Sant Marti 2018 - B"]
[Site "Barcelona ESP"]
[Date "2018.07.19"]
[Round "7.41"]
[White "Subirana Santos, Marc"]
[Black "Arias Aranda, Guillem"]
[Result "0-1"]
[WhiteElo "1743"]
[BlackElo "1576"]
[PlyCount "98"]
[EventDate "2018.07.13"]
[EventType "swiss"]
[EventRounds "9"]
[EventCountry "ESP"]
[SourceTitle "Ajedrez en Madrid"]
[Source "lmi"]
[SourceDate "2018.07.13"]
[SourceVersion "1"]
[SourceVersionDate "2019.06.21"]
[SourceQuality "1"]

1. d4 d5 2. Nf3 e6 3. e3 c5 4. b3 Nc6 5. Bb2 Nf6 6. Bd3 Bd7 7. O-O Nb4 8. Be2
Be7 9. a3 Nc6 10. Nbd2 O-O 11. Ne5 Nxe5 12. dxe5 Ne8 13. Bd3 Bg5 14. f4 Bh6 15.
Rf3 Nc7 16. Rh3 d4 17. Qg4 f5 18. Qg3 Kh8 19. exd4 cxd4 20. Bxd4 Bb5 21. Bc5
Bxd3 22. Bxf8 Qd4+ 23. Qe3 Qxa1+ 24. Kf2 Rxf8 25. Qxd3 Nd5 26. g3 Qc3 27. Nf3
Qxd3 28. cxd3 Rc8 29. Nd4 Re8 30. Kf3 a6 31. Rh4 Ne7 32. Ne2 Ng8 33. g4 fxg4+
34. Rxg4 g6 35. h4 Bf8 36. b4 Nh6 37. Rg2 Nf5 38. Rh2 Rd8 39. Nc1 Rc8 40. Na2
Nd4+ 41. Kg4 Nc2 42. h5 gxh5+ 43. Kxh5 Nxa3 44. d4 Rd8 45. Rd2 Nb5 46. Kg5 Be7+
47. Kg4 Rxd4 48. Rc2 Kg7 49. Nc1 Rxb4 0-1

[Event "20. Obert Int. Sant Marti 2018 - B"]
[Site "Barcelona ESP"]
[Date "2018.07.19"]
[Round "7.42"]
[White "Caro Martinez, Ramon"]
[Black "Riera Mestres, Josep"]
[Result "1-0"]
[WhiteElo "1741"]
[BlackElo "1565"]
[PlyCount "45"]
[EventDate "2018.07.13"]
[EventType "swiss"]
[EventRounds "9"]
[EventCountry "ESP"]
[SourceTitle "Ajedrez en Madrid"]
[Source "lmi"]
[SourceDate "2018.07.13"]
[SourceVersion "1"]
[SourceVersionDate "2019.06.21"]
[SourceQuality "1"]

1. d4 d5 2. e3 Nf6 3. Nf3 e6 4. Bd3 c5 5. c4 dxc4 6. Bxc4 cxd4 7. exd4 a6 8.
O-O b5 9. Bd3 Bb7 10. Nbd2 Be7 11. b3 O-O 12. Bb2 Nbd7 13. Rc1 Rc8 14. Qe2 Nb6
15. Rxc8 Qxc8 16. Ne5 Nbd5 17. f4 Qd8 18. Ne4 Nb4 19. Nxf6+ Bxf6 20. Bb1 Bd5
21. a3 Nc6 22. Nxc6 Bxc6 23. Qc2 1-0

[Event "20. Obert Int. Sant Marti 2018 - B"]
[Site "Barcelona ESP"]
[Date "2018.07.19"]
[Round "7.43"]
[White "Tortosa Moros, Joan"]
[Black "Sans Bascu, Joaquin"]
[Result "0-1"]
[WhiteElo "1741"]
[BlackElo "1556"]
[PlyCount "136"]
[EventDate "2018.07.13"]
[EventType "swiss"]
[EventRounds "9"]
[EventCountry "ESP"]
[SourceTitle "Ajedrez en Madrid"]
[Source "lmi"]
[SourceDate "2018.07.13"]
[SourceVersion "1"]
[SourceVersionDate "2019.06.21"]
[SourceQuality "1"]

1. e4 e5 2. Nf3 Nc6 3. Bb5 a6 4. Ba4 Nf6 5. d3 Be7 6. O-O b5 7. Bb3 O-O 8. Re1
d5 9. exd5 Nxd5 10. Nxe5 Nxe5 11. Rxe5 Nf6 12. h3 Bd6 13. Re1 Ng4 14. Qf3 Qh4
15. Be3 Bd7 16. Nd2 Ne5 17. Qe4 Qe7 18. d4 Bc6 19. Bd5 Bxd5 20. Qxd5 c6 21. Qb3
Ng6 22. Bf4 Qc7 23. Bxd6 Qxd6 24. c3 Rfe8 25. Ne4 Qf4 26. Nc5 Qd2 27. Ne4 Qf4
28. Qc2 Re7 29. Re3 Rae8 30. Rae1 Qc7 31. Nc5 Qa7 32. Rxe7 Rxe7 33. Rxe7 Qxe7
34. Qe4 Qxe4 35. Nxe4 Kf8 36. b4 Ne7 37. g4 Nd5 38. Kf1 g6 39. a3 Ke7 40. Nc5
Nxc3 41. Nxa6 Kd6 42. Nc5 Kd5 43. Nd7 Kxd4 44. g5 Nb1 45. Nb8 Kd5 46. Nd7 Nxa3
47. Nf6+ Ke6 48. Ne4 Nc2 49. Nc5+ Kf5 50. Nd3 Kxg5 51. Kg2 Kf5 52. Kf3 g5 53.
Ke2 h5 54. f3 Nd4+ 55. Ke3 Ne6 56. Nf2 c5 57. bxc5 Nxc5 58. Kd4 Ne6+ 59. Ke3 b4
60. Nd3 Nf4 61. Nxb4 Nxh3 62. Nc2 Ke5 63. Ne1 Nf4 64. Kf2 f5 65. Kg3 h4+ 66.
Kh2 Kd4 67. Kg1 Ke3 68. Kf1 h3 0-1

[Event "20. Obert Int. Sant Marti 2018 - B"]
[Site "Barcelona ESP"]
[Date "2018.07.19"]
[Round "7.44"]
[White "Gonzalez Canovas, Sebastia"]
[Black "Fungueirino Pique, Daniel"]
[Result "1/2-1/2"]
[WhiteElo "1639"]
[BlackElo "1740"]
[PlyCount "106"]
[EventDate "2018.07.13"]
[EventType "swiss"]
[EventRounds "9"]
[EventCountry "ESP"]
[SourceTitle "Ajedrez en Madrid"]
[Source "lmi"]
[SourceDate "2018.07.13"]
[SourceVersion "1"]
[SourceVersionDate "2019.06.21"]
[SourceQuality "1"]

1. c4 e5 2. Nc3 g6 3. g3 Bg7 4. Bg2 c6 5. d3 Nf6 6. Nf3 d6 7. O-O O-O 8. Bg5
Nbd7 9. Ne4 Qc7 10. Nxf6+ Nxf6 11. e4 Be6 12. Qc1 Rfe8 13. Ne1 Rab8 14. Rb1 Qd7
15. f3 Rec8 16. Rf2 b6 17. Qd2 b5 18. Rc1 a6 19. b3 Bh3 20. Be3 Bxg2 21. Kxg2
Qe6 22. Nc2 bxc4 23. dxc4 Ne8 24. Rd1 Bf8 25. Qe2 Ra8 26. Ne1 a5 27. Nd3 Rd8
28. Bd2 Rdb8 29. f4 f6 30. f5 Qf7 31. Qg4 g5 32. h4 h5 33. Qe2 g4 34. Nb2 Nc7
35. Qe1 Ra6 36. Bxa5 Rba8 37. b4 d5 38. Rfd2 d4 39. Nd3 Qxc4 40. Rc1 Qb5 41.
Nc5 Rxa5 42. bxa5 Bxc5 43. Rdc2 Na6 44. a4 Qb4 45. Qxb4 Bxb4 46. Rxc6 Bc3 47.
Rxf6 Nc5 48. Rb1 Nxa4 49. Rg6+ Kf8 50. Rb7 Rd8 51. Rh6 Kg8 52. Rg6+ Kh8 53.
Rh6+ Kg8 1/2-1/2

[Event "20. Obert Int. Sant Marti 2018 - B"]
[Site "Barcelona ESP"]
[Date "2018.07.19"]
[Round "7.45"]
[White "Caballero Ortin, Jorge"]
[Black "Mercader Rubio, Luis"]
[Result "1-0"]
[WhiteElo "1628"]
[BlackElo "1732"]
[PlyCount "83"]
[EventDate "2018.07.13"]
[EventType "swiss"]
[EventRounds "9"]
[EventCountry "ESP"]
[SourceTitle "Ajedrez en Madrid"]
[Source "lmi"]
[SourceDate "2018.07.13"]
[SourceVersion "1"]
[SourceVersionDate "2019.06.21"]
[SourceQuality "1"]

1. e4 c5 2. Nf3 e6 3. Qe2 a6 4. c3 d6 5. d4 cxd4 6. cxd4 b5 7. Bd2 Be7 8. a4
Bd7 9. Qe3 bxa4 10. Nc3 Nf6 11. h3 O-O 12. g4 Bc6 13. Bd3 Nbd7 14. g5 Nh5 15.
Be2 g6 16. Ng1 Ng7 17. h4 f5 18. h5 gxh5 19. Bxh5 f4 20. Qh3 Bxg5 21. Nf3 h6
22. Bg4 Re8 23. Bh5 Rf8 24. Bg4 Qf6 25. d5 Bb5 26. Nxg5 Qxg5 27. Bxe6+ Nxe6 28.
Qxe6+ Rf7 29. Nxb5 axb5 30. Kf1 Nc5 31. Qxh6 Qxh6 32. Rxh6 Nxe4 33. Bb4 f3 34.
Re1 Rf6 35. Rh4 Nc5 36. Bc3 Raf8 37. Re7 Nd3 38. Rhh7 R8f7 39. Rexf7 Rg6 40.
Ra7 Ne5 41. Bxe5 dxe5 42. Rhb7 1-0

[Event "20. Obert Int. Sant Marti 2018 - B"]
[Site "Barcelona ESP"]
[Date "2018.07.19"]
[Round "7.46"]
[White "Grasa Solanas, Oscar"]
[Black "Vargas Rodriguez, Gabriel"]
[Result "1-0"]
[WhiteElo "1732"]
[BlackElo "1448"]
[PlyCount "95"]
[EventDate "2018.07.13"]
[EventType "swiss"]
[EventRounds "9"]
[EventCountry "ESP"]
[SourceTitle "Ajedrez en Madrid"]
[Source "lmi"]
[SourceDate "2018.07.13"]
[SourceVersion "1"]
[SourceVersionDate "2019.06.21"]
[SourceQuality "1"]

1. c4 c6 2. e3 e5 3. d4 exd4 4. exd4 d5 5. Nf3 Bd6 6. Bd3 Nf6 7. O-O O-O 8. Bg5
Re8 9. Qc2 h6 10. Bh4 Bg4 11. Nbd2 Nbd7 12. h3 Be6 13. c5 Bf4 14. Rae1 Qc7 15.
Bxf6 Nxf6 16. Ne5 Bxe5 17. Rxe5 Bd7 18. f4 a5 19. Nf3 a4 20. Nh4 a3 21. b3 Qa5
22. Bf5 Qb4 23. Qd3 Be6 24. Bxe6 Rxe6 25. Rxe6 fxe6 26. f5 e5 27. dxe5 Qxh4 28.
exf6 Qxf6 29. b4 Qb2 30. Qe3 Qxb4 31. f6 Qe4 32. Qg3 g5 33. Qc7 Qg6 34. Qxb7
Rd8 35. Qc7 Rf8 36. Qxc6 Qf7 37. Qd6 d4 38. Rf2 Re8 39. Qxd4 Re1+ 40. Kh2 Qc7+
41. g3 Qf7 42. c6 Rc1 43. Qd7 Qf8 44. f7+ Kh7 45. Qd3+ Kg7 46. Qd4+ Kh7 47.
Qe4+ Kg7 48. c7 1-0

[Event "20. Obert Int. Sant Marti 2018 - B"]
[Site "Barcelona ESP"]
[Date "2018.07.19"]
[Round "7.47"]
[White "Ruiz Puerta, Jon Ander"]
[Black "Romero Funieles, Rafael"]
[Result "1-0"]
[WhiteElo "1616"]
[BlackElo "1725"]
[PlyCount "89"]
[EventDate "2018.07.13"]
[EventType "swiss"]
[EventRounds "9"]
[EventCountry "ESP"]
[SourceTitle "Ajedrez en Madrid"]
[Source "lmi"]
[SourceDate "2018.07.13"]
[SourceVersion "1"]
[SourceVersionDate "2019.06.21"]
[SourceQuality "1"]

1. d4 e6 2. Nf3 Be7 3. e3 h6 4. Bd3 Nf6 5. b3 a5 6. Bb2 Na6 7. a3 c6 8. c4 Rb8
9. Qe2 Nc7 10. Nbd2 b5 11. Rb1 bxc4 12. bxc4 Ba6 13. O-O d5 14. Ne5 Bb7 15. f4
dxc4 16. Ndxc4 Nb5 17. g4 Ba8 18. g5 Qd5 19. gxf6 gxf6 20. Nf3 Rg8+ 21. Kf2 Nd6
22. Nxd6+ Bxd6 23. Rg1 Rxg1 24. Rxg1 Ke7 25. Rb1 a4 26. Nd2 Bc7 27. Bc3 Rg8 28.
Be4 Qd8 29. Bb4+ Ke8 30. Qc4 Kd7 31. Rc1 f5 32. Bxc6+ Bxc6 33. Qxc6+ Kc8 34.
Nf3 Kb8 35. Bc5 Qd5 36. Qxd5 exd5 37. Rb1+ Kc8 38. Rb4 Kd7 39. Rxa4 h5 40. Ra7
f6 41. Bb6 Rc8 42. Rxc7+ Rxc7 43. Bxc7 Kxc7 44. Nh4 Kb6 45. Nxf5 1-0

[Event "20. Obert Int. Sant Marti 2018 - B"]
[Site "Barcelona ESP"]
[Date "2018.07.19"]
[Round "7.48"]
[White "Bellpuig Mencos, Gerard"]
[Black "Volart Buil, Jordi"]
[Result "1-0"]
[WhiteElo "1606"]
[BlackElo "1715"]
[PlyCount "159"]
[EventDate "2018.07.13"]
[EventType "swiss"]
[EventRounds "9"]
[EventCountry "ESP"]
[SourceTitle "Ajedrez en Madrid"]
[Source "lmi"]
[SourceDate "2018.07.13"]
[SourceVersion "1"]
[SourceVersionDate "2019.06.21"]
[SourceQuality "1"]

1. e4 e5 2. Nf3 Qe7 3. Nc3 c6 4. Bc4 b5 5. Bb3 Nf6 6. O-O b4 7. Na4 d6 8. d4
Nxe4 9. Re1 d5 10. Nxe5 Be6 11. c3 f6 12. Qh5+ g6 13. Nxg6 Qf7 14. Nf4 Qxh5 15.
Nxh5 Kf7 16. Bc2 bxc3 17. Bxe4 cxb2 18. Bxb2 dxe4 19. Rxe4 Bd5 20. Rf4 Nd7 21.
Nc5 Bd6 22. Nxd7 Bxf4 23. Nxf4 Rhd8 24. Nc5 Rab8 25. Bc3 Bxa2 26. f3 Rb1+ 27.
Rxb1 Bxb1 28. Kf2 Ba2 29. Ke3 Bc4 30. Nb7 Rd7 31. Nc5 Rd8 32. Ke4 Ba2 33. Na6
Bb1+ 34. Ke3 Ba2 35. Ba5 Re8+ 36. Kd3 Rg8 37. Nb4 Bb1+ 38. Kc4 Rg5 39. Nxc6
Ba2+ 40. Kb4 a6 41. Bc7 Rb5+ 42. Ka3 Bb3 43. Nb4 a5 44. Bxa5 Rxa5+ 45. Kxb3 Ra1
46. Kc4 Ke7 47. Nbd5+ Kf7 48. Ne3 Ke7 49. Nf5+ Kd7 50. Kd3 Re1 51. Kd2 Ra1 52.
Ke3 Ra3+ 53. Kf2 Ra5 54. g4 Ra2+ 55. Kg3 Ra1 56. h4 Rg1+ 57. Kf2 Ra1 58. Nh5
Ra6 59. Ke3 Ke6 60. Ke4 Ra4 61. Nhg7+ Kd7 62. f4 Rb4 63. Kd5 Rb6 64. Kc5 Rc6+
65. Kb5 Rc1 66. d5 Rf1 67. Nh5 Kd8 68. Kc6 Rc1+ 69. Kd6 Ra1 70. Ke6 Ra6+ 71. d6
Ra3 72. Kxf6 Ra7 73. Ke6 Ra6 74. Nf6 Ra4 75. Ne7 Ra6 76. Nxh7 Rb6 77. Ng5 Ra6
78. h5 Ke8 79. h6 Kf8 80. Ng6+ 1-0

[Event "20. Obert Int. Sant Marti 2018 - B"]
[Site "Barcelona ESP"]
[Date "2018.07.19"]
[Round "7.49"]
[White "Cassi De La Viuda, Alex"]
[Black "Jimenez Molina, Victor"]
[Result "1-0"]
[WhiteElo "1489"]
[BlackElo "1710"]
[PlyCount "75"]
[EventDate "2018.07.13"]
[EventType "swiss"]
[EventRounds "9"]
[EventCountry "ESP"]
[SourceTitle "Ajedrez en Madrid"]
[Source "lmi"]
[SourceDate "2018.07.13"]
[SourceVersion "1"]
[SourceVersionDate "2019.06.21"]
[SourceQuality "1"]

1. e4 e5 2. Nf3 Nc6 3. Bb5 a6 4. Bxc6 dxc6 5. d3 Bd6 6. h3 f6 7. Be3 Be6 8.
Nbd2 Qd7 9. a3 Ne7 10. Qe2 O-O-O 11. O-O-O g5 12. g4 h5 13. Nh2 hxg4 14. Nxg4
Ng8 15. d4 Rxh3 16. Rxh3 Bxg4 17. Rf3 Bxa3 18. dxe5 Be7 19. exf6 Bxf6 20. Rg1
Qe6 21. Rxg4 Qxg4 22. Qc4 Rxd2 23. Kxd2 Qxf3 24. Qxg8+ Bd8 25. Qe6+ Kb8 26. Qe8
Qf6 27. e5 Qe7 28. Qxe7 Bxe7 29. Kd3 Kc8 30. Ke4 Kd7 31. Kf5 b5 32. Bxg5 Bxg5
33. Kxg5 Ke6 34. f4 a5 35. f5+ Kxe5 36. f6 Ke6 37. Kg6 b4 38. f7 1-0

[Event "20. Obert Int. Sant Marti 2018 - B"]
[Site "Barcelona ESP"]
[Date "2018.07.19"]
[Round "7.50"]
[White "Reyes, Jesus"]
[Black "Campos Barrachina, Edgar"]
[Result "0-1"]
[WhiteElo "1367"]
[BlackElo "1689"]
[PlyCount "96"]
[EventDate "2018.07.13"]
[EventType "swiss"]
[EventRounds "9"]
[EventCountry "ESP"]
[SourceTitle "Ajedrez en Madrid"]
[Source "lmi"]
[SourceDate "2018.07.13"]
[SourceVersion "1"]
[SourceVersionDate "2019.06.21"]
[SourceQuality "1"]

1. e4 d5 2. exd5 Nf6 3. Nf3 Bg4 4. Be2 Nxd5 5. d4 c5 6. O-O Qc7 7. c4 Nf4 8.
Qa4+ Bd7 9. Bxf4 Qxf4 10. Qd1 cxd4 11. Nxd4 Nc6 12. Nf3 g6 13. Nc3 e6 14. Nb5
a6 15. Nbd4 Bg7 16. Nxc6 Bxc6 17. Rb1 O-O 18. b4 e5 19. Qc1 Qf6 20. Qe3 e4 21.
Nd2 Qh4 22. f3 Rad8 23. Kh1 Bh6 24. f4 Bg7 25. Nb3 Qe7 26. a3 b5 27. c5 Bd5 28.
Nd2 Bc6 29. Nb3 Bd5 30. Nd2 Bc6 31. Nb3 Bf6 32. Rbe1 Bb2 33. Na5 Ba8 34. Rd1 h5
35. f5 Rxd1 36. Rxd1 gxf5 37. Qg3+ Kh7 38. Bxh5 Be5 39. Qh3 Rh8 40. Qxf5+ Kg7
41. Qg4+ Kh6 42. Rd7 Qg5 43. Qxg5+ Kxg5 44. Bxf7 Rxh2+ 45. Kg1 e3 46. c6 e2 47.
Kf2 Rxg2+ 48. Kxg2 e1=Q 0-1